000 01687nam a22002297a 4500
999 _c1600
_d1600
003 CoMeUDC
005 20221215115605.0
008 221215b ||||| |||| 00| 0 eng d
020 _a9789584939302
040 _aCO-UdeC
_bEspañol
_cCO-UdeC
082 _a153
_bJ61
100 _91680
_aJiménez Mejía, Gustavo Adolfo
245 _aViaje al interior de un esquizofrénico /
_cGustavo Adolfo Jiménez Mejía.
260 _aMedellín :
_bTodográficas Ltda,
_c2021.
300 _a224 p. :
_c24 cm.
504 _aIncluye prólogo.
505 _aPrólogo -- Palabras del autor -- Algo anecdótico -- La experiencia de la muerte -- El malestar -- La familiaridad con la sangre -- Malestares en la sociedad tradicional -- Otros malestares -- Vidas sociales en la ciudad de Medellín -- Fantasmas literarios -- La desesperanza -- Lazos de sangre -- El mundo del conocimiento -- La enseñanza de los maestros -- La carga del dios dinero -- Las pasiones -- Los intereses por el poder 1 -- Los intereses por el poder 2 -- Las depresiones en el amor -- El paciente -- Ética ciudadana -- Algunas virtudes en la sociedad -- El poder del ahora -- Sentimiento comunitario -- El buen camino -- Salir del camino de lo negativo -- Las implicaciones del pensamiento negativo -- El pensamiento positivo -- Las implicaciones del pensamiento positivo -- El tema de los valores o de las virtudes -- La paranoia -- Cómo tomar buenas decisiones -- Posibilidades para decidir -- El amor propio -- Mi otro yo -- El yo superior -- Experiencias y vivencias -- Decisiones -- El espejo
546 _aEspañol.
650 0 _92149
_aProcesos mentales
651 0 _981
_aMedellín (Colombia)
942 _2ddc
_cBK